Rāh-i ʻamal. (Record no. 67504)

MARC details
000 -LEADER
fixed length control field 00575cam a22002291 4500
001 - CONTROL NUMBER
control field sa 66000918
003 - CONTROL NUMBER IDENTIFIER
control field DLC
005 - DATE AND TIME OF LATEST TRANSACTION
control field 20260227112218.0
008 - FIXED-LENGTH DATA ELEMENTS--GENERAL INFORMATION
fixed length control field 890514s1962 xx 000 0 urdo
010 ## - LIBRARY OF CONGRESS CONTROL NUMBER
LC control number sa 66000918
035 ## - SYSTEM CONTROL NUMBER
System control number (OCoLC)23542589
040 ## - CATALOGING SOURCE
Original cataloging agency DLC
Transcribing agency MiU
Modifying agency DLC
042 ## - AUTHENTICATION CODE
Authentication code premarc
050 00 - LIBRARY OF CONGRESS CALL NUMBER
Classification number BP136.8
Item number .N3
100 1# - MAIN ENTRY--PERSONAL NAME
Personal name Nadvī, Jalīl Aḥsan.
245 10 - TITLE STATEMENT
Title Rāh-i ʻamal.
260 ## - PUBLICATION, DISTRIBUTION, ETC.
Date of publication, distribution, etc. [1962]
300 ## - PHYSICAL DESCRIPTION
Extent 453 p.
Dimensions 19 cm.
500 ## - GENERAL NOTE
General note Romanized.
650 #0 - SUBJECT ADDED ENTRY--TOPICAL TERM
Topical term or geographic name entry element Hadith
General subdivision Criticism, interpretation, etc.
700 0# - ADDED ENTRY--PERSONAL NAME
Personal name Muḥammad,
Titles and other words associated with a name Prophet,
Dates associated with a name -632.

No items available.

Powered by Koha